Visualizzazione normale
Vista MARC
- AA.VV.
di Personal Name
Records bibliografici associati: 1
001 - CONTROL NUMBER
- control field: 33305
003 - CONTROL NUMBER IDENTIFIER
- control field: IT-RoPau
005 - DATE AND TIME OF LATEST TRANSACTION
- control field: 20140704170613.0
008 - FIXED-LENGTH DATA ELEMENTS
- fixed length control field: 140704|| aca||aabn | a|a d
040 ## - CATALOGING SOURCE
- Original cataloging agency: IT-RoPau
- Transcribing agency: IT-RoPau
100 ## - HEADING--PERSONAL NAME
- Personal name: AA.VV.
- Miscellaneous information: Codice interprete SPICS: 12000
- Relator term: Interprete
670 ## - SOURCE DATA FOUND
- Source citation: Work cat.: (IT-RoPau)102284: AA.VV. 794, Splasc(h) Story